MARC

LEADER 00000nam0a2200000 4500
001 275890
005 20231101234853.0
020 |a RU  |b 85-105523 
035 |a (RuTPU)RU\TPU\book\299143 
090 |a 275890 
100 |a 20141118d1985 km y0rusy5003 ca 
101 0 |a rus 
102 |a BY 
105 |a y z 000zy 
200 1 |a Профилактика правонарушений в народном хозяйстве  |e социально-правовая характеристика  |f И. С. Андреев 
210 |a Минск  |c Университетское  |d 1985 
215 |a 81 с. 
606 1 |a Хозяйственные преступления  |2 stltpush  |3 (RuTPU)RU\TPU\subj\17452  |9 43089 
610 1 |a хозяйственное право 
610 1 |a правонарушения 
610 1 |a профилактика 
610 1 |a народное хозяйство 
610 1 |a субъекты 
610 1 |a уголовное право 
610 1 |a уголовная ответственность 
686 |a Х628.11  |2 rubbk 
700 1 |a Андреев  |b И. С.  |g Игорь Степанович  |4 070 
801 0 |a RU  |b RuMRKP  |c 19950704  |g psbo 
801 1 |a RU  |b 63413507  |c 20141118 
801 2 |a RU  |b 63413507  |c 20151228  |g RCR 
942 |c BK